00350nam a2200121Ia 4500008004100000020001500041050002500056100002100081245003900102260005900141300002100200521000700221140609s9999 xx 000 0 und d a9718845100 aPR 9550.9b.J67 1984 aJose, F. Sionil. aPo-on :ba novel /cF. Sionil Jose aManila, Philippines :bSolidaridad Pub. House,cc1984. a231 p. ;c22 cm. aGE